O coelho Nicolau (Registo nº 2265)

Detalhes MARC
000 -Etiqueta do registo
Cabeçalho 00703nam a22002411 4500
005 - Identificador da versão
Campo de controlo 20240813121929.0
095 ## -
-- PTBN00467084
100 ## - Dados gerais de processamento
Dados gerais de processamento 19900622d1976 a y0pory5003 ba
102 ## - Pais de publicação ou produção
País de publicação Portugal
101 0# - Língua de publicação
Língua do texto, banda sonora, etc. Português
215 ## - Descrição física 
Indicação específica da natureza do documento e extensão da espécie [14] p.
Outras indicações físicas il.
Dimensões 21 cm
200 1# - Titulo e menção de responsabilidade
Título próprio O coelho Nicolau
Primeira menção de responsabilidade Maria Cecília Correia
Outras menções de responsabilidade fot. António Cabral Castilho
205 ## - Menção da edição
Menção da edição 2ª ed
210 ## - Publicação, Distribuição, etc. 
Lugar da edição, distribuição, etc. Lisboa
Nome do editor, distribuidor, etc. M.C. Correia
Data da publicação, distribuição, etc. imp. 1976
606 ## - Nome comum usado como assunto
Número de registo de entrada de autoridade 0000051
Palavra de ordem Literatura portuguesa juvenil
Subdivisão de assunto Conto
675 ## - Classificação Decimal Universal (CDU)
Notação 821.134.3-34
Edição
Língua da edição por
702 #1 - Nome de autor-pessoa física (responsabilidade secundária)
Número de registo de entrada de autoridade 0001092
Palavra de ordem Castilho
Outra parte do nome não tomada para palavra de ordem António
Código de função Fotógrafo
700 #1 - Nome de autor-pessoa física (responsabilidade principal)
Número de registo de entrada de autoridade 0001091
Palavra de ordem Correia
Outra parte do nome não tomada para palavra de ordem Maria Cecília
942 ## - Elementos de entrada adicionados (Koha)
Tipo de item no Koha Livro
Exemplares
Situação do levantamento Origin of item (home branch) (coded) Biblioteca de empréstimo Código de barras Cota Circulation type (not for loan) Tipo de documento Nota do exemplar Damaged status
  Biblioteca Escolar da Coca Maravilhas Biblioteca Escolar da Coca Maravilhas BECM9/90 8POR COR   Livro Sem mensagem  
  Biblioteca Escolar da Coca Maravilhas Biblioteca Escolar da Coca Maravilhas BECM10/90 8POR COR   Livro Sem mensagem  
  Biblioteca Escolar da Coca Maravilhas Biblioteca Escolar da Coca Maravilhas BECM7588/06 8POR COR   Livro Sem mensagem